[Event "DEM U10/U10w 2013"]
[Site "Oberhof GER"]
[Date "2013.05.20"]
[Round "4"]
[White "Huber, Benedikt"]
[Black "Hommer, Jeremy"]
[Result "1-0"]
[Termination "normal"]
[Board "22"]
[WhiteElo "1689"]
[BlackElo "994"]
[PlyCount "55"]
[WhiteFideId "12923583"]
[BlackFideId "12992577"]
[EventCountry "GER"]
[EventRounds "11"]
[EventType "swiss"]
[EventDate "2013.05.18"]

1. d4 d5 2. Bf4 c5 3. Nc3 Nc6 4. dxc5 e5 5. Bg3 Nf6 6. e3 a6 7. Nf3 Qc7 8. Nxd5
Nxd5 9. Qxd5 Be6 10. Bxe5 Qxe5 11. Qxe5 Nxe5 12. Nxe5 Bxc5 13. Bc4 O-O 14. Bxe6
fxe6 15. Nd7 Rf5 16. Nxc5 Rxc5 17. c3 Rd8 18. Ke2 Kf7 19. Rhd1 Rcc8 20. Rxd8
Rxd8 21. Rd1 Rxd1 22. Kxd1 Kf6 23. Ke2 Kf5 24. Kf3 e5 25. a4 e4+ 26. Kg3 g5 27.
a5 h6 28. c4 1-0

[Event "DEM U10/U10w 2013"]
[Site "Oberhof GER"]
[Date "2013.05.20"]
[Round "4"]
[White "Truong, Lisa"]
[Black "Helmer, Jan"]
[Result "0-1"]
[Termination "normal"]
[Board "23"]
[WhiteElo "793"]
[BlackElo "1570"]
[PlyCount "134"]
[WhiteFideId "12983462"]
[BlackFideId "12956686"]
[EventCountry "GER"]
[EventRounds "11"]
[EventType "swiss"]
[EventDate "2013.05.18"]

1. e4 e6 2. d4 d5 3. exd5 exd5 4. Nc3 Nc6 5. Nf3 Bg4 6. Be2 Bb4 7. Bd2 Nge7 8.
O-O Bxf3 9. Bxf3 Nxd4 10. a3 Bc5 11. Be3 Nxf3+ 12. Qxf3 Bxe3 13. fxe3 O-O 14.
Rad1 c6 15. Ne2 Qb6 16. b3 Ng6 17. Kh1 Rae8 18. Nd4 f6 19. Rde1 Ne5 20. Qg3 Ng6
21. a4 Re4 22. h3 Ne7 23. Qf3 a6 24. c4 Re5 25. cxd5 Nxd5 26. Rf2 c5 27. Nc2
Qxb3 28. a5 Rfe8 29. e4 Qxf3 30. gxf3 Nb4 31. Rb1 Nxc2 32. Rxc2 R8e7 33. Kg2
Rc7 34. Rc4 Re6 35. Kg3 Rd6 36. h4 Rd4 37. Rxd4 cxd4 38. Rd1 Rd7 39. Kf4 Kf7
40. e5 Rd5 41. exf6 Kxf6 42. Ke4 Rxa5 43. Rxd4 Re5+ 44. Kd3 Ke6 45. f4 Rd5 46.
Kc3 Rxd4 47. Kxd4 Kf5 48. Ke3 b5 49. h5 h6 50. Kf3 a5 51. Ke3 b4 52. Kd3 Kxf4
53. Kc4 Kg5 54. Kb3 Kxh5 55. Ka4 g5 56. Kb3 g4 57. Ka4 g3 58. Kb3 g2 59. Ka4
g1=Q 60. Kb5 b3 61. Kxa5 b2 62. Kb4 b1=Q+ 63. Kc4 Qe4+ 64. Kb5 Qg5+ 65. Kb6
Qe6+ 66. Kc7 Qg7+ 67. Kd8 Qed7# 0-1

[Event "DEM U10/U10w 2013"]
[Site "Oberhof GER"]
[Date "2013.05.20"]
[Round "4"]
[White "Khamenya, Vitalia"]
[Black "Gelfenbaum, Daniel"]
[Result "1/2-1/2"]
[Termination "normal"]
[Board "24"]
[WhiteElo "1210"]
[BlackElo "1055"]
[PlyCount "46"]
[WhiteFideId "12959260"]
[BlackFideId "12965634"]
[EventCountry "GER"]
[EventRounds "11"]
[EventType "swiss"]
[EventDate "2013.05.18"]

1. e4 c6 2. d4 d5 3. exd5 cxd5 4. Bd3 Nc6 5. c3 e5 6. dxe5 Nxe5 7. Nf3 Bg4 8.
Qa4+ Bd7 9. Qd4 Nxf3+ 10. gxf3 Bc6 11. Bf4 Nf6 12. Nd2 Be7 13. O-O-O O-O 14.
Rhg1 Bd6 15. Bh6 g6 16. Bxf8 Kxf8 17. Rde1 Kg7 18. h4 Qa5 19. a3 Bc5 20. Qe5
Bxf2 21. Rg2 Bxe1 22. Qxe1 Re8 23. Qg1 Qb6 1/2-1/2

[Event "DEM U10/U10w 2013"]
[Site "Oberhof GER"]
[Date "2013.05.20"]
[Round "4"]
[White "Richardt, Josia"]
[Black "Eulitz, Charlotte"]
[Result "1/2-1/2"]
[Termination "normal"]
[Board "25"]
[WhiteElo "1205"]
[BlackElo "1009"]
[PlyCount "48"]
[WhiteFideId "16217594"]
[BlackFideId "12964654"]
[EventCountry "GER"]
[EventRounds "11"]
[EventType "swiss"]
[EventDate "2013.05.18"]

1. e4 e5 2. Nf3 Nc6 3. Bc4 Bc5 4. Nc3 Nf6 5. d3 h6 6. Be3 Bb6 7. O-O d6 8. h3
O-O 9. Qd2 Be6 10. Bb3 Ba5 11. Qc1 d5 12. Bc5 Re8 13. Qe3 d4 14. Qd2 dxc3 15.
bxc3 b6 16. Ba4 Bd7 17. Ba3 Rb8 18. Bb3 b5 19. Bc5 a6 20. Rab1 Be6 21. Rfd1 b4
22. Bxe6 bxc3 23. Bxf7+ Kxf7 24. Qe3 Rxb1 1/2-1/2

[Event "DEM U10/U10w 2013"]
[Site "Oberhof GER"]
[Date "2013.05.20"]
[Round "4"]
[White "Bosselmann, Tom Linus"]
[Black "Astner, Sebastian"]
[Result "1-0"]
[Termination "normal"]
[Board "26"]
[WhiteElo "1180"]
[BlackElo "886"]
[PlyCount "71"]
[WhiteFideId "12983845"]
[BlackFideId "12979422"]
[EventCountry "GER"]
[EventRounds "11"]
[EventType "swiss"]
[EventDate "2013.05.18"]

1. d4 d5 2. c4 e5 3. dxe5 d4 4. e3 Bb4+ 5. Bd2 dxe3 6. fxe3 Bxd2+ 7. Qxd2 Qxd2+
8. Nxd2 f6 9. Ngf3 Nc6 10. exf6 Nxf6 11. Rd1 Bg4 12. Be2 Nb4 13. O-O Nxa2 14.
h3 Bh5 15. Rf2 O-O-O 16. Ra1 Nb4 17. Rxa7 Kb8 18. Ra3 Bxf3 19. Bxf3 Nd3 20. Re2
Nxb2 21. Rb3 Nd1 22. Rxb7+ Kc8 23. Rb3 Rhf8 24. Ra3 c5 25. Ra5 Nd7 26. Bg4 Nc3
27. Rxc5+ Kb8 28. Ra5 Nxe2+ 29. Bxe2 Nb6 30. Nb3 Rc8 31. Rb5 Kb7 32. c5 Ka7 33.
cxb6+ Kb8 34. Bf3 Rc2 35. Nc5 Rc1+ 36. Kh2 1-0

[Event "DEM U10/U10w 2013"]
[Site "Oberhof GER"]
[Date "2013.05.20"]
[Round "4"]
[White "Silber, Fabian"]
[Black "Yankelevich, Michael"]
[Result "0-1"]
[Termination "normal"]
[Board "27"]
[WhiteElo "1058"]
[BlackElo "1644"]
[PlyCount "90"]
[WhiteFideId "12947288"]
[BlackFideId "12921440"]
[EventCountry "GER"]
[EventRounds "11"]
[EventType "swiss"]
[EventDate "2013.05.18"]

1. e4 e6 2. Nf3 d5 3. exd5 exd5 4. Nc3 Nf6 5. d4 Bd6 6. Be2 O-O 7. Bd2 Bg4 8.
h3 Bh5 9. O-O Re8 10. Bd3 Nc6 11. Bb5 Bxf3 12. Qxf3 Nxd4 13. Qd1 Nxb5 14. Nxb5
c6 15. Nxd6 Qxd6 16. Bg5 Ne4 17. Bh4 Qf4 18. g3 Qh6 19. Qd3 g5 20. Kh1 gxh4 21.
gxh4 Qxh4 22. Rg1+ Kh8 23. Qd4+ f6 24. Kh2 Qf4+ 25. Rg3 c5 26. Qd3 Nxg3 27.
Qxg3 Qxg3+ 28. fxg3 Re2+ 29. Kg1 Rae8 30. Kf1 Rxc2 31. Rb1 Ree2 32. Re1 Rxe1+
33. Kxe1 Rxb2 34. a4 Kg7 35. h4 Kf7 36. g4 Ke6 37. h5 Ke5 38. a5 Ke4 39. a6 b6
40. g5 fxg5 41. h6 Kd3 42. Kf1 Ke3 43. Kg1 Kf3 44. Kh1 Kg3 45. Kg1 Rb1# 0-1

[Event "DEM U10/U10w 2013"]
[Site "Oberhof GER"]
[Date "2013.05.20"]
[Round "4"]
[White "Hüls, Maximilian"]
[Black "Brunner, Sophia"]
[Result "1-0"]
[Termination "normal"]
[Board "28"]
[WhiteElo "1617"]
[BlackElo "1054"]
[PlyCount "87"]
[WhiteFideId "12949698"]
[BlackFideId "12960683"]
[EventCountry "GER"]
[EventRounds "11"]
[EventType "swiss"]
[EventDate "2013.05.18"]

1. d4 d5 2. e3 Nf6 3. f4 Nc6 4. c3 Bf5 5. Nf3 e6 6. Bd3 Bg6 7. O-O Be7 8. Bc2
O-O 9. Nbd2 Rb8 10. Ne5 Nxe5 11. fxe5 Nd7 12. e4 c5 13. exd5 exd5 14. Bxg6 fxg6
15. Nf3 cxd4 16. cxd4 b6 17. Bd2 Bh4 18. Qb3 Kh8 19. Qxd5 Be7 20. Rac1 b5 21.
Qe4 Rc8 22. Qb7 Nb6 23. Rxc8 Nxc8 24. Qxb5 Qb6 25. Qxb6 Nxb6 26. Rc1 Rc8 27.
Rxc8+ Nxc8 28. d5 Bc5+ 29. Kf1 Kg8 30. b4 Bb6 31. Ke2 Kf7 32. Bg5 h6 33. e6+
Ke8 34. Bf4 Ke7 35. Kd3 g5 36. Be5 g6 37. Nd4 Bxd4 38. Kxd4 h5 39. Bc7 h4 40.
Ke5 a6 41. d6+ Ke8 42. d7+ Ke7 43. dxc8=Q a5 44. Qd8# 1-0

[Event "DEM U10/U10w 2013"]
[Site "Oberhof GER"]
[Date "2013.05.20"]
[Round "4"]
[White "Baladjaev, Leyla"]
[Black "Gazizov, Max"]
[Result "1/2-1/2"]
[Termination "normal"]
[Board "29"]
[WhiteElo "1385"]
[BlackElo "1042"]
[PlyCount "128"]
[WhiteFideId "12960217"]
[BlackFideId "12951323"]
[EventCountry "GER"]
[EventRounds "11"]
[EventType "swiss"]
[EventDate "2013.05.18"]

1. e4 c5 2. Nf3 d6 3. d4 cxd4 4. Nxd4 Nf6 5. Nc3 a6 6. Be2 e6 7. O-O Be7 8. Kh1
O-O 9. f4 b5 10. Bf3 Bb7 11. Qd3 Nbd7 12. b4 Rc8 13. Be3 Rc4 14. a3 Qc7 15. Bd2
Rc8 16. Nce2 Nb6 17. Nb3 Nxe4 18. Na5 Nxd2 19. Bxb7 Nxf1 20. Bxc8 Rxc2 21. Bxa6
Nd2 22. Bxb5 d5 23. Rd1 Ne4 24. Qe3 Nc3 25. Rc1 Rxc1+ 26. Qxc1 Nxb5 27. Qxc7
Nxc7 28. Nd4 Bf6 29. Nc2 h6 30. Nb3 Kh7 31. Nc5 Kg6 32. a4 Nxa4 33. Nxa4 Nb5
34. g3 Kf5 35. Kg1 Ke4 36. Nc5+ Kf3 37. Kf1 Bd4 38. Nxd4+ Nxd4 39. Na6 Ke3 40.
Ke1 Kd3 41. Kd1 Kc3 42. Nc7 Kxb4 43. Ne8 Nf5 44. Ke2 Kc4 45. g4 Nd4+ 46. Ke3 g5
47. fxg5 hxg5 48. Nd6+ Kc3 49. Nxf7 Nc2+ 50. Kf2 d4 51. Nxg5 d3 52. Ne4+ Kb2
53. g5 Nd4 54. Ke3 Nf5+ 55. Kxd3 Kb3 56. g6 Kb4 57. h4 Kb5 58. h5 Kc6 59. g7
Nxg7 60. h6 Nh5 61. Ng5 Nf6 62. Ne4 Nh7 63. Ke3 Kd7 64. Kf4 Ke7 1/2-1/2

[Event "DEM U10/U10w 2013"]
[Site "Oberhof GER"]
[Date "2013.05.20"]
[Round "4"]
[White "Burian, Simon"]
[Black "Kurzweil, Naemi"]
[Result "1-0"]
[Termination "normal"]
[Board "30"]
[WhiteElo "1370"]
[BlackElo "980"]
[PlyCount "85"]
[WhiteFideId "12956902"]
[BlackFideId "12985708"]
[EventCountry "GER"]
[EventRounds "11"]
[EventType "swiss"]
[EventDate "2013.05.18"]

1. e4 e5 2. Nf3 Nc6 3. Bc4 Bc5 4. c3 f6 5. d4 Bb6 6. Be3 d6 7. Nbd2 Nge7 8. h3
Bd7 9. Qc2 Ng6 10. O-O-O Qe7 11. Rhe1 Na5 12. Bd3 Qf7 13. Kb1 Be6 14. d5 Bd7
15. b4 O-O 16. bxa5 Bxa5 17. Nc4 Bb6 18. g4 Qe8 19. Nb2 Bc5 20. Bxc5 dxc5 21.
Rg1 Nf4 22. Bf1 a5 23. h4 a4 24. a3 Qe7 25. c4 Qd6 26. Ka1 Qb6 27. Rb1 Qa5 28.
Nd1 Rfb8 29. Nc3 c6 30. g5 fxg5 31. Rxg5 Ng6 32. h5 h6 33. Rxg6 Be8 34. Re6
Bxh5 35. Nxe5 b5 36. Nxc6 Qc7 37. Nxb5 Qf7 38. Nd6 Qf3 39. Nxb8 Qxa3+ 40. Qa2
Qc3+ 41. Qb2 Qf3 42. Nf5 Bg4 43. Qxg7# 1-0

[Event "DEM U10/U10w 2013"]
[Site "Oberhof GER"]
[Date "2013.05.20"]
[Round "4"]
[White "Schmidtmann, Kimberly"]
[Black "Bartelt, Max Peter"]
[Result "0-1"]
[Termination "normal"]
[Board "31"]
[WhiteElo "950"]
[BlackElo "1356"]
[PlyCount "50"]
[WhiteFideId "12967106"]
[BlackFideId "12967289"]
[EventCountry "GER"]
[EventRounds "11"]
[EventType "swiss"]
[EventDate "2013.05.18"]

1. e4 e6 2. d4 d5 3. exd5 exd5 4. Nf3 Nc6 5. Bb5 Bd7 6. O-O Be7 7. Re1 Nf6 8.
Bg5 O-O 9. Nc3 a6 10. Bxc6 Bxc6 11. Qd3 Re8 12. Bxf6 Bxf6 13. Rxe8+ Qxe8 14.
Re1 Qd7 15. b3 g6 16. Qe3 Qf5 17. Re2 Re8 18. Qd2 Rxe2 19. Qxe2 Bb5 20. Nxb5
axb5 21. Qe8+ Kg7 22. g3 Qxf3 23. Qxb5 Bxd4 24. a3 Qxf2+ 25. Kh1 Qg1# 0-1

[Event "DEM U10/U10w 2013"]
[Site "Oberhof GER"]
[Date "2013.05.20"]
[Round "4"]
[White "Bierfreund, Trine Maja"]
[Black "Berelowitsch, Dana"]
[Result "0-1"]
[Termination "normal"]
[Board "32"]
[WhiteElo "1341"]
[BlackElo "981"]
[PlyCount "128"]
[WhiteFideId "12957372"]
[BlackFideId "12977144"]
[EventCountry "GER"]
[EventRounds "11"]
[EventType "swiss"]
[EventDate "2013.05.18"]

1. e4 e5 2. Nf3 Nf6 3. Nxe5 d6 4. Nf3 Nxe4 5. d4 Nf6 6. Bd3 Nc6 7. c4 Bg4 8.
O-O Nxd4 9. Be2 Nxe2+ 10. Qxe2+ Be7 11. Re1 Qd7 12. Nc3 Bxf3 13. Qxf3 O-O-O 14.
Nb5 Kb8 15. Qa3 a6 16. Be3 c6 17. Nc3 d5 18. Bf4+ Bd6 19. Bxd6+ Qxd6 20. Qxd6+
Rxd6 21. Rad1 d4 22. Re7 Re8 23. Rxe8+ Nxe8 24. Ne4 Rd7 25. Ng5 h6 26. Nf3 c5
27. Ne5 Re7 28. f4 f6 29. Nd3 b6 30. b4 Rc7 31. Rb1 Ka7 32. f5 Nd6 33. g4 Nxc4
34. bxc5 bxc5 35. Rc1 Ne5 36. Nxc5 Nd7 37. Rd1 Rxc5 38. Rxd4 Ne5 39. Re4 Rc1+
40. Kg2 Rc2+ 41. Kg3 Rxa2 42. Re3 Ra4 43. h3 Rd4 44. Kh4 Rd3 45. Re2 Nf3+ 46.
Kh5 Ne5 47. h4 Rg3 48. Re4 a5 49. Ra4 Kb6 50. Re4 Kb5 51. Rd4 a4 52. Rd5+ Kb4
53. Rd4+ Kb3 54. Re4 a3 55. Rd4 a2 56. Rd1 Kc2 57. Rh1 Ra3 58. Rh2+ Kb3 59.
Rh3+ Kb4 60. Rxa3 Kxa3 61. g5 a1=Q 62. gxh6 Qb1 63. hxg7 Qxf5+ 64. Kh6 Nf7#
0-1

[Event "DEM U10/U10w 2013"]
[Site "Oberhof GER"]
[Date "2013.05.20"]
[Round "4"]
[White "Glinzner, Alva"]
[Black "Pantsernaya, Sofya"]
[Result "1-0"]
[Termination "normal"]
[Board "33"]
[WhiteElo "974"]
[BlackElo "1253"]
[PlyCount "69"]
[WhiteFideId "16206169"]
[BlackFideId "12993182"]
[EventCountry "GER"]
[EventRounds "11"]
[EventType "swiss"]
[EventDate "2013.05.18"]

1. e4 d5 2. exd5 Nf6 3. c4 c6 4. Nc3 cxd5 5. cxd5 Nxd5 6. Bc4 Nf6 7. Nf3 Bg4 8.
d3 Nc6 9. Be3 e5 10. h3 Bh5 11. O-O Be7 12. Re1 O-O 13. Bg5 h6 14. Bh4 Re8 15.
Rc1 Rc8 16. Bb5 Bc5 17. Ne4 Be7 18. Re3 Nxe4 19. Bxe7 Rxe7 20. dxe4 Nd4 21.
Rxc8 Qxc8 22. g4 Nxb5 23. gxh5 Rc7 24. Re1 f6 25. Qd5+ Kh7 26. Qxb5 Qxh3 27.
Nh2 Qh4 28. Qe8 Rc2 29. Qg6+ Kh8 30. Ng4 Rxb2 31. Rd1 f5 32. exf5 e4 33. Rc1
Qd8 34. f6 gxf6 35. Nxf6 1-0

[Event "DEM U10/U10w 2013"]
[Site "Oberhof GER"]
[Date "2013.05.20"]
[Round "4"]
[White "Grabbel, Lennart Christian"]
[Black "Koll, Linus"]
[Result "0-1"]
[Termination "normal"]
[Board "34"]
[WhiteElo "893"]
[BlackElo "1208"]
[PlyCount "78"]
[WhiteFideId "16201620"]
[BlackFideId "12990299"]
[EventCountry "GER"]
[EventRounds "11"]
[EventType "swiss"]
[EventDate "2013.05.18"]

1. d4 d5 2. c4 e6 3. Nc3 Nf6 4. Bg5 Be7 5. Nf3 Nc6 6. e3 h6 7. Bh4 a6 8. Bd3 b6
9. O-O O-O 10. cxd5 Nxd5 11. Bxe7 Qxe7 12. Qc2 Ncb4 13. Qb1 Nxd3 14. Qxd3 Nxc3
15. Qxc3 Bb7 16. Ne5 Qg5 17. f3 Rac8 18. e4 c5 19. Rac1 cxd4 20. f4 dxc3 21.
fxg5 cxb2 22. Rb1 Bxe4 23. Rxb2 hxg5 24. Rxb6 f6 25. Ng4 e5 26. Nf2 Bd5 27. Rd1
Bxa2 28. Rxa6 Bc4 29. Ra4 Bb3 30. Raa1 Bxd1 31. Rxd1 Rc6 32. Ne4 Rfc8 33. Nd6
Rc1 34. Rxc1 Rxc1+ 35. Kf2 Rc2+ 36. Kf3 g6 37. h3 f5 38. g4 e4+ 39. Kg3 f4# 0-1

[Event "DEM U10/U10w 2013"]
[Site "Oberhof GER"]
[Date "2013.05.20"]
[Round "4"]
[White "Schmidtmann, Samantha"]
[Black "Hartmann, Katrin"]
[Result "1-0"]
[Termination "normal"]
[Board "35"]
[WhiteElo "1171"]
[BlackElo "975"]
[PlyCount "41"]
[WhiteFideId "12956759"]
[BlackFideId "16200632"]
[EventCountry "GER"]
[EventRounds "11"]
[EventType "swiss"]
[EventDate "2013.05.18"]

1. e4 g6 2. d4 Bg7 3. Nc3 d6 4. f4 Bd7 5. Nf3 e6 6. Be3 Ne7 7. Qd2 Nbc6 8.
O-O-O a6 9. g4 b5 10. a3 d5 11. exd5 exd5 12. Ne5 Nxe5 13. dxe5 f6 14. exf6
Bxf6 15. g5 Bg7 16. Nxd5 Bc6 17. Bg2 Nxd5 18. Bxd5 Bxd5 19. Qxd5 Qb8 20. Qe6+
Kf8 21. Bc5# 1-0

[Event "DEM U10/U10w 2013"]
[Site "Oberhof GER"]
[Date "2013.05.20"]
[Round "4"]
[White "Klemke, Kassandra"]
[Black "Pahl, Erik"]
[Result "0-1"]
[Termination "normal"]
[Board "36"]
[WhiteElo "1163"]
[BlackElo "880"]
[PlyCount "96"]
[WhiteFideId "16217128"]
[BlackFideId "16201272"]
[EventCountry "GER"]
[EventRounds "11"]
[EventType "swiss"]
[EventDate "2013.05.18"]

1. e4 e5 2. Nf3 Nc6 3. Bc4 Nf6 4. d3 Bc5 5. Nc3 O-O 6. Bg5 Re8 7. Nd5 Re6 8.
Nxf6+ Rxf6 9. Bxf6 Qxf6 10. c3 d6 11. b4 Bb6 12. Qd2 Bh3 13. Ng1 Bg4 14. h3 Bh5
15. Nf3 Bxf3 16. gxf3 Qxf3 17. Rg1 Qxh3 18. O-O-O Qh4 19. Rg2 Qf4 20. Qxf4 exf4
21. Rdg1 g6 22. a4 a5 23. b5 Ne5 24. Bb3 Nxd3+ 25. Kd2 Nxf2 26. Ke2 Nd3 27.
Kxd3 Bxg1 28. Rxg1 c6 29. Rf1 cxb5 30. Rxf4 bxa4 31. Bxa4 Kf8 32. Kc4 Rb8 33.
Kb5 b6 34. Rf3 Ke7 35. Bb3 f6 36. Rh3 h5 37. Rd3 h4 38. Kc6 f5 39. exf5 gxf5
40. Rxd6 Rc8+ 41. Kd5 Rc5+ 42. Kd4 Kxd6 43. Bc4 Rxc4+ 44. Kxc4 h3 45. Kb5 h2
46. Kxb6 h1=Q 47. c4 Qc6+ 48. Kxa5 Qxc4 0-1

[Event "DEM U10/U10w 2013"]
[Site "Oberhof GER"]
[Date "2013.05.20"]
[Round "4"]
[White "Richter, Merlin"]
[Black "Buchloh, Adrian"]
[Result "0-1"]
[Termination "normal"]
[Board "37"]
[WhiteElo "791"]
[BlackElo "1141"]
[PlyCount "36"]
[BlackFideId "12960675"]
[EventCountry "GER"]
[EventRounds "11"]
[EventType "swiss"]
[EventDate "2013.05.18"]

1. e4 d5 2. exd5 Qxd5 3. Nc3 Qa5 4. d4 Nf6 5. Nf3 Bg4 6. Bf4 Nc6 7. Be2 O-O-O
8. Be3 e5 9. d5 Nxd5 10. Bd2 Nxc3 11. bxc3 Bc5 12. Nxe5 Bxe2 13. Nxc6 bxc6 14.
Kxe2 Rhe8+ 15. Kf1 Qa6+ 16. Kg1 Re2 17. Qf1 Rdxd2 18. Rc1 Bxf2+ 0-1

[Event "DEM U10/U10w 2013"]
[Site "Oberhof GER"]
[Date "2013.05.20"]
[Round "4"]
[White "Wurst, Benedikt"]
[Black "Sinnhöfer, Lilian"]
[Result "1-0"]
[Termination "normal"]
[Board "38"]
[WhiteElo "1139"]
[BlackElo "875"]
[PlyCount "79"]
[WhiteFideId "12991791"]
[BlackFideId "12977586"]
[EventCountry "GER"]
[EventRounds "11"]
[EventType "swiss"]
[EventDate "2013.05.18"]

1. c4 e5 2. e3 Nf6 3. d4 d6 4. dxe5 dxe5 5. Qxd8+ Kxd8 6. Nf3 Nc6 7. b3 Nb4 8.
Nxe5 Nc2+ 9. Kd1 Nxa1 10. Nxf7+ Ke8 11. Nxh8 Ne4 12. Ke1 Bb4+ 13. Ke2 Bg4+ 14.
f3 Bf5 15. fxe4 Bxe4 16. a3 Bc5 17. Nd2 Bc6 18. Bb2 Nxb3 19. Nxb3 Be7 20. Bxg7
Bf8 21. Bb2 Rd8 22. Kf2 Be7 23. Be2 Kf8 24. Bh5 Ba4 25. Nd4 Rd6 26. Nf7 Rf6+
27. Nf3 Rf5 28. g4 Rc5 29. N3e5 b5 30. Nd7+ Ke8 31. Nxc5 c6 32. Nd6+ Kd8 33.
Ndb7+ Kc8 34. Bf7 Kc7 35. Bc3 Bh4+ 36. Ke2 Kc8 37. Ba5 Be7 38. Rf1 Bxc5 39.
Nxc5 Kb8 40. Be6 1-0

[Event "DEM U10/U10w 2013"]
[Site "Oberhof GER"]
[Date "2013.05.20"]
[Round "4"]
[White "Basovskiy, Jana"]
[Black "Huppert, Anna"]
[Result "1-0"]
[Termination "normal"]
[Board "39"]
[WhiteElo "1109"]
[BlackElo "793"]
[PlyCount "57"]
[WhiteFideId "16208617"]
[BlackFideId "16214439"]
[EventCountry "GER"]
[EventRounds "11"]
[EventType "swiss"]
[EventDate "2013.05.18"]

1. e4 e5 2. Nf3 Nc6 3. Bc4 Nf6 4. Ng5 d5 5. exd5 Bg4 6. f3 Bh5 7. dxc6 bxc6 8.
Nc3 Bc5 9. d3 O-O 10. Bd2 Qe8 11. Qe2 e4 12. dxe4 Rd8 13. O-O-O Nd7 14. h4 Nb6
15. Bb3 Rb8 16. g4 Bg6 17. h5 Bxe4 18. Ncxe4 Qe5 19. h6 Na4 20. Bc3 Qe8 21.
hxg7 Qc8 22. gxf8=Q+ Kxf8 23. Nxh7+ Ke8 24. Nd6+ Kd8 25. Nxc8+ Kxc8 26. Qa6+
Rb7 27. Bxa4 Be3+ 28. Kb1 Kb8 29. Rd8# 1-0

[Event "DEM U10/U10w 2013"]
[Site "Oberhof GER"]
[Date "2013.05.20"]
[Round "4"]
[White "Müller, Marvin"]
[Black "Guckes, Simon"]
[Result "1-0"]
[Termination "normal"]
[Board "40"]
[WhiteElo "774"]
[BlackElo "1122"]
[PlyCount "61"]
[WhiteFideId "16214528"]
[BlackFideId "12944955"]
[EventCountry "GER"]
[EventRounds "11"]
[EventType "swiss"]
[EventDate "2013.05.18"]

1. e4 c5 2. c3 e6 3. d4 cxd4 4. cxd4 Nc6 5. Nf3 Nf6 6. Nc3 Bb4 7. e5 Nd5 8. Bd2
Qa5 9. Rc1 Nxc3 10. bxc3 Be7 11. Bd3 O-O 12. O-O Rd8 13. Qe2 Qc7 14. Qe4 g6 15.
Bg5 Bxg5 16. Nxg5 d6 17. Rce1 dxe5 18. dxe5 Qe7 19. Nf3 Qa3 20. Re2 Qxc3 21.
Bb5 a6 22. Bxc6 bxc6 23. h4 a5 24. Rc2 Qb4 25. Qxc6 Bb7 26. Qc5 Qf4 27. Rc4 Qh6
28. Rfc1 Rdc8 29. Qe7 Bxf3 30. Rxc8+ Qf8 31. Qxf8# 1-0

[Event "DEM U10/U10w 2013"]
[Site "Oberhof GER"]
[Date "2013.05.20"]
[Round "4"]
[White "Wastian, Mareike"]
[Black "Straßburg, Robin"]
[Result "1-0"]
[Termination "normal"]
[Board "41"]
[WhiteElo "1096"]
[BlackElo "911"]
[PlyCount "93"]
[WhiteFideId "12947423"]
[BlackFideId "16210018"]
[EventCountry "GER"]
[EventRounds "11"]
[EventType "swiss"]
[EventDate "2013.05.18"]

1. e4 e5 2. Nf3 Nc6 3. Bb5 d6 4. d4 exd4 5. Nxd4 Bd7 6. Bxc6 Bxc6 7. Nxc6 bxc6
8. O-O Nf6 9. Nc3 Be7 10. Qd3 O-O 11. Bg5 h6 12. Bf4 Rb8 13. b3 Nh5 14. Be3 Bg5
15. Bxa7 Ra8 16. Be3 Bxe3 17. Qxe3 Re8 18. a4 d5 19. Qf3 Nf6 20. exd5 cxd5 21.
Rfe1 Rxe1+ 22. Rxe1 d4 23. Ne4 Nxe4 24. Qxe4 c5 25. Qd3 Qa5 26. Re2 Qd8 27. h3
Rb8 28. Qc4 Qd6 29. Rd2 Re8 30. Re2 Rxe2 31. Qxe2 Qb6 32. Qb5 Qa7 33. a5 Kf8
34. Qb6 Qa8 35. Qxc5+ Ke8 36. Qe5+ Kd8 37. Qxd4+ Kc8 38. Qc5+ Kb8 39. Qf8+ Kb7
40. Qxa8+ Kxa8 41. b4 Kb7 42. b5 Ka7 43. a6 Ka8 44. b6 Kb8 45. b7 Ka7 46. c4
Kb8 47. c5 1-0

[Event "DEM U10/U10w 2013"]
[Site "Oberhof GER"]
[Date "2013.05.20"]
[Round "4"]
[White "Höfs, Cederik"]
[Black "Ewerhardy, Moritz"]
[Result "1/2-1/2"]
[Termination "normal"]
[Board "42"]
[WhiteElo "915"]
[BlackElo "1019"]
[PlyCount "169"]
[WhiteFideId "16207653"]
[BlackFideId "36052086"]
[EventCountry "GER"]
[EventRounds "11"]
[EventType "swiss"]
[EventDate "2013.05.18"]

1. e4 e5 2. Nf3 Nc6 3. Bc4 Bc5 4. c3 d6 5. d4 Bb6 6. Be3 Nf6 7. Nbd2 Bd7 8. O-O
Qc8 9. Nb3 O-O 10. Rc1 Nxe4 11. d5 Ne7 12. Re1 Nf6 13. Rc2 Ba4 14. Rd2 Ne4 15.
Rde2 f5 16. Nfd2 Nf6 17. Nf1 f4 18. Bc1 Nd7 19. Nfd2 a6 20. Ne4 f3 21. gxf3
Rxf3 22. Ng5 Rf6 23. Ne6 Qe8 24. Bg5 Rg6 25. Bd3 Rxg5+ 26. Nxg5 Nxd5 27. Bxh7+
Kh8 28. Qxd5 Nf6 29. Qd3 Qh5 30. Qf5 Bd7 31. Qg6 Qxg6 32. Bxg6 Bb5 33. Rd2 Rf8
34. Ne6 Ra8 35. Nc1 Bc4 36. Ng5 Rf8 37. b3 Bg8 38. Rd3 Ng4 39. Rh3+ Nh6 40. Ne2
Rf6 41. Be4 d5 42. Bg2 e4 43. Nf4 Rxf4 44. Re2 Rg4 45. Rg3 Rf4 46. Nh3 Rf6 47.
Kh1 Be6 48. f4 Bxh3 49. Bxh3 Rxf4 50. Kg2 Kg8 51. Be6+ Kf8 52. Bxd5 Nf5 53. Rg5
e3 54. Bxb7 Nd6 55. Bxa6 Ne4 56. Rh5 Nxc3 57. Rc2 e2 58. Bxe2 Nxe2 59. Rxe2 Kf7
60. Rhe5 Kg8 61. Re8+ Kh7 62. Kg3 Rf6 63. h4 Rg6+ 64. Kh3 Bc5 65. R2e5 Bd6 66.
Rg5 Rf6 67. a4 Rf3+ 68. Kg4 Rg3+ 69. Kf5 Rf3+ 70. Ke6 Rxb3 71. h5 Re3+ 72. Kd7
Rh3 73. a5 Ra3 74. Ra8 Kh6 75. Rd5 g5 76. hxg6 Kxg6 77. a6 Kf7 78. a7 Kg7 79.
Rg5+ Kf7 80. Rh5 Kg7 81. Ke6 Bg3 82. Rg5+ Kh7 83. Kf6 Bh4 84. Kf5 Bxg5 85. Kxg5
1/2-1/2

[Event "DEM U10/U10w 2013"]
[Site "Oberhof GER"]
[Date "2013.05.20"]
[Round "4"]
[White "Svane, Freja"]
[Black "Gabriel, Benjamin"]
[Result "1/2-1/2"]
[Termination "normal"]
[Board "43"]
[WhiteElo "867"]
[BlackElo "920"]
[PlyCount "63"]
[WhiteFideId "12940100"]
[BlackFideId "16226887"]
[EventCountry "GER"]
[EventRounds "11"]
[EventType "swiss"]
[EventDate "2013.05.18"]

1. e4 e5 2. Nf3 Nc6 3. Bb5 Bc5 4. Nxe5 Nxe5 5. d4 Bxd4 6. Qxd4 f6 7. Bf4 Nc6 8.
Qe3 Nge7 9. O-O O-O 10. Bc4+ Kh8 11. Qg3 d6 12. Nc3 Bd7 13. Nd5 Nxd5 14. Bxd5
Rb8 15. Be3 b6 16. Bxc6 Bxc6 17. Qg4 Qd7 18. Qxd7 Bxd7 19. Bf4 a5 20. a3 Rfd8
21. b4 axb4 22. axb4 Ra8 23. c4 Rxa1 24. Rxa1 Re8 25. c5 bxc5 26. bxc5 dxc5 27.
Bxc7 Rc8 28. Bd6 Bc6 29. Bxc5 Bxe4 30. Be3 h6 31. Rc1 Rxc1+ 32. Bxc1 1/2-1/2